01074nam a22002297a 450000500170000000800410001702000180005804100080007608200180008410000340010224500920013626001110022830000310033950400530037065000550042365000630047865000410054165000580058294200150064099900150065595201740067020140826143524.0110127s2010 ck ab gr 000 0 spa d a9789586954877 aspa04a628.161bR69c1 aRodríguez Susa, Manuel948710aCalidad del recurso hídrico de Bogotá (2008-2009)cManuel Salvador Rodríguez Susa aBogotábUniversidad de Los AndesbAlcaldía Mayor de Bogotá, Secretaría Distrital de Ambientec2010 a264 p.bil., mapasc28 cm. aIncluye referencias bibliográficas (pag - 249)17aCalidad del aguaxInvestigacioneszBogotá92587917aContaminación del aguaxInvestigacioneszBogotá92588017aAnálisis del aguazBogotá92588117aRecursos hídricosxInvestigacioneszBogotá925882 2ddccLIBRO c7370d7370 00102ddc40708GENERALIINV2017aBogotabBogotad2013-07-15eInstitutog39000.00l0oLB-628.161 R69cp028778r2013-07-15 00:00:00tEj. 1w2013-07-15xDonaciónyLIBRO